000 00406nam a2200157Ia 4500
008 100122s9999 xx 000 0 und d
082 _b46799
_a823
100 _aपाटील देवदत्त
245 _aसौदा
250 _a1
260 _bमधुराज पब्लिकेशन
_c1992
300 _a340
630 _aसौदा
730 _aसौदा
942 _cBOOK
999 _c425847
_d425844